|
|
|
|
| LEADER |
01396nam a2200265 i 4500 |
| 001 |
10060908 |
| 003 |
GR-PaULI |
| 005 |
20230928063227.0 |
| 008 |
070424s2017 gr 0 gre |
| 020 |
|
|
|a 9789606150081
|
| 040 |
|
|
|a GR-PaULI
|c GR-PaULI
|b gre
|e AACR2
|
| 082 |
0 |
4 |
|a 889.130 935 838
|2 23
|
| 100 |
1 |
|
|9 6553
|a Λαδιά, Ελένη,
|d 1945-
|e συγγραφέας
|
| 245 |
1 |
0 |
|a Ποιητές και Αρχαία Ελλάδα :
|b Σικελιανός - Σεφέρης - Παπαδίτσας /
|c Ελένη Λαδιά.
|
| 260 |
|
|
|a Αθήνα :
|b Αρμός,
|c 2017.
|
| 300 |
|
|
|a 157, [2] σ. ;
|c 21 εκ.
|
| 600 |
1 |
4 |
|a Παπαδίτσας, Δημήτρης Π.
|d 1922-1987
|x Ερμηνεία και κριτική
|9 53951
|
| 600 |
1 |
0 |
|a Σεφέρης, Γιώργος,
|d 1900-1971
|x Ερμηνεία και κριτική
|9 48249
|
| 600 |
1 |
4 |
|9 53353
|a Σικελιανός, Άγγελος,
|d 1884-1951
|x Ερμηνεία και κριτική.
|
| 650 |
|
4 |
|a Νεοελληνική ποίηση
|y 20ός αιώνας
|9 5902
|
| 852 |
|
|
|a GR-PaULI
|b ΠΑΤΡΑ
|b ΠΤΔΕ
|k ΑΣΧΕ
|h 889.109 2 ΛΑΔ
|m 4595
|p 025000029772
|t 1
|
| 942 |
|
|
|2 ddc
|c BK15
|
| 952 |
|
|
|0 0
|1 0
|2 ddc
|4 0
|6 889_130000000000000_935_838_ΛΑΔ
|7 0
|9 219020
|a LISP
|b LISP
|c BSC
|d 2018-01-17
|i 136464
|l 0
|o 889.130 935 838 ΛΑΔ
|p 025000254791
|r 2018-01-17 00:00:00
|t 1
|v 2018.00
|w 2018-01-17
|y BK15
|
| 998 |
|
|
|c ΓΚΟΓΚΟΥ
|d 2018-01
|
| 999 |
|
|
|c 132561
|d 132561
|